[Event "Nordre Efteraar"]
[Site "Aarhus"]
[Date "1998.10.11"]
[Round "2"]
[White "Hoiberg, Nina"]
[Black "Bus, Mariusz"]
[Result "1/2-1/2"]
[WhiteElo "2290"]
[BlackElo "2370"]
[PlyCount "152"]
[EventDate "1998.10.??"]
[EventType "schev"]
[EventRounds "9"]
[EventCountry "DEN"]
[SourceTitle "EXT 2000"]
[Source "ChessBase"]
[SourceDate "1999.11.16"]

1. e4 e6 2. d4 d5 3. Nc3 Bb4 4. exd5 exd5 5. Qf3 Ne7 6. a3 Bd6 7. Nb5 Bf5 8. c3
O-O 9. Nxd6 Qxd6 10. Qg3 Qb6 11. Bd3 Nd7 12. Ne2 Nf6 13. O-O Rfe8 14. Nf4 Be4
15. f3 Bxd3 16. Nxd3 Qb5 17. Ne5 Ng6 18. a4 Qb3 19. Nxg6 hxg6 20. Qf2 Re6 21.
Be3 Rae8 22. Rfe1 Nd7 23. Qd2 Nb6 24. Ra3 Qc4 25. b3 Qa6 26. Raa1 Nc8 27. Kf2
Qb6 28. Qc2 Nd6 29. Bf4 Nf5 30. Rxe6 Qxe6 31. Qd2 Qb6 32. b4 Qc6 33. Re1 Qxa4
34. Rxe8+ Qxe8 35. Bxc7 Qd7 36. Bf4 f6 37. g4 Ne7 38. Qd3 g5 39. Bg3 Kf7 40. h4
gxh4 41. Bxh4 Qc6 42. Bg3 Nc8 43. g5 Ne7 44. gxf6 Qxf6 45. Be5 Qh4+ 46. Ke2 Qh3
47. Kd2 Qg2+ 48. Kc1 a6 49. Bd6 Qg6 50. Qxg6+ Nxg6 51. Kd2 Nh4 52. Ke2 Ke6 53.
Bg3 Nf5 54. Bf4 g6 55. Bd2 Kd7 56. Kd3 Kc6 57. c4 dxc4+ 58. Kxc4 Nd6+ 59. Kd3
Kd5 60. Bf4 Nf5 61. Be5 Ne7 62. Bg7 Nf5 63. Bf6 Nd6 64. Bg5 Nc4 65. Bf6 b6 66.
Bd8 a5 67. bxa5 bxa5 68. Kc3 a4 69. Bf6 Ke6 70. Bg5 a3 71. Kb3 Kd5 72. Bf6 Nd2+
73. Kxa3 Nxf3 74. Kb3 Nd2+ 75. Kc2 Ne4 76. Be5 g5 1/2-1/2

[Event "Nordre Efteraar"]
[Site "Aarhus"]
[Date "1998.10.14"]
[Round "5"]
[White "Holst, Allan"]
[Black "Jacobsen, Bo"]
[Result "1-0"]
[WhiteElo "2350"]
[BlackElo "2270"]
[PlyCount "75"]
[EventDate "1998.10.??"]
[EventType "schev"]
[EventRounds "9"]
[EventCountry "DEN"]
[SourceTitle "EXT 2000"]
[Source "ChessBase"]
[SourceDate "1999.11.16"]

1. e4 g6 2. Nc3 Bg7 3. f4 c6 4. d4 d5 5. e5 h5 6. Nf3 Nh6 7. Be3 Bg4 8. Be2 Nd7
9. Qd2 Nf8 10. O-O-O b5 11. Bf2 Qc8 12. h3 Bd7 13. Rhg1 Rb8 14. Kb1 Rb6 15.
Rdf1 a5 16. Bd3 Qa8 17. Nh4 Rb7 18. Be3 Bf5 19. Bxf5 gxf5 20. g4 fxg4 21. f5 f6
22. Bf4 a4 23. Ne2 b4 24. Rg3 Qa6 25. Re1 Nd7 26. Nc1 fxe5 27. dxe5 Nc5 28. f6
Bf8 29. Ng6 Nf5 30. Nxh8 Nxg3 31. Bxg3 e6 32. hxg4 a3 33. b3 h4 34. Bxh4 Rh7
35. Ng6 Ne4 36. Rxe4 dxe4 37. f7+ Kxf7 38. Qf4+ 1-0

[Event "Nordre Efteraar"]
[Site "Aarhus"]
[Date "1998.10.16"]
[Round "7"]
[White "Holst, Allan"]
[Black "Williams, Simon Kim"]
[Result "1-0"]
[WhiteElo "2350"]
[BlackElo "2335"]
[PlyCount "93"]
[EventDate "1998.10.??"]
[EventType "schev"]
[EventRounds "9"]
[EventCountry "DEN"]
[SourceTitle "EXT 2000"]
[Source "ChessBase"]
[SourceDate "1999.11.16"]

1. e4 e6 2. d4 d5 3. Nd2 Nf6 4. e5 Nfd7 5. Bd3 c5 6. c3 Nc6 7. Ngf3 Be7 8. O-O
g5 9. dxc5 Ndxe5 10. Bb5 Ng6 11. b4 O-O 12. Nd4 Bd7 13. a4 e5 14. Nc2 Be6 15.
Re1 Bf6 16. Rb1 Bg7 17. Nb3 g4 18. Bf1 h5 19. b5 Nce7 20. Bg5 f6 21. Bd2 Rc8
22. a5 Qe8 23. c6 b6 24. axb6 axb6 25. Be3 Rb8 26. Nb4 Qd8 27. Na6 Ra8 28. c7
Qd6 29. c4 d4 30. Bd2 Rxa6 31. bxa6 Qxc7 32. Nxd4 Bc8 33. Nb5 Qc6 34. Na7 Qc7
35. Nxc8 Rxc8 36. Qb3 Kh7 37. Qxb6 Qd7 38. Be3 f5 39. Red1 Qe8 40. Bg5 Nc6 41.
Qb7 Rb8 42. Qc7 Rxb1 43. Rxb1 Nf8 44. Rb6 Nd4 45. Rb7 Nfe6 46. Qxe5 Qg6 47. Bf6
1-0

[Event "Nordre Efteraar"]
[Site "Aarhus"]
[Date "1998.10.10"]
[Round "1"]
[White "Holst, Allan"]
[Black "Hellegaard, Carsten"]
[Result "1-0"]
[WhiteElo "2350"]
[BlackElo "2275"]
[PlyCount "39"]
[EventDate "1998.10.??"]
[EventType "schev"]
[EventRounds "9"]
[EventCountry "DEN"]
[SourceTitle "EXT 2000"]
[Source "ChessBase"]
[SourceDate "1999.11.16"]

1. e4 b6 2. d4 e6 3. Nf3 Bb7 4. Bd3 c5 5. c3 Nf6 6. Nbd2 cxd4 7. cxd4 d5 8. e5
Ne4 9. O-O Be7 10. Re1 Nxd2 11. Bxd2 O-O 12. Rc1 Nc6 13. Re3 g6 14. Bb5 Rc8 15.
Rec3 Nb8 16. Rxc8 Bxc8 17. Bh6 Re8 18. Bxe8 Qxe8 19. Qa4 Qxa4 20. Rxc8+ 1-0

[Event "Nordre Efteraar"]
[Site "Aarhus"]
[Date "1998.10.12"]
[Round "3"]
[White "Holst, Allan"]
[Black "Rendboe, John Filip"]
[Result "0-1"]
[WhiteElo "2350"]
[BlackElo "2290"]
[PlyCount "74"]
[EventDate "1998.10.??"]
[EventType "schev"]
[EventRounds "9"]
[EventCountry "DEN"]
[SourceTitle "EXT 2000"]
[Source "ChessBase"]
[SourceDate "1999.11.16"]

1. e4 c5 2. Nc3 Nc6 3. f4 e6 4. Nf3 Nge7 5. d4 cxd4 6. Nxd4 Nxd4 7. Qxd4 Nc6 8.
Qf2 Be7 9. Bd3 O-O 10. a3 a6 11. Be3 b5 12. Ne2 d5 13. e5 f6 14. Bb6 Qe8 15.
Qh4 h6 16. Qg3 fxe5 17. Bg6 Bh4 18. Qxh4 Qxg6 19. O-O Bd7 20. Rac1 Rac8 21. Bc5
Rf7 22. Bd6 e4 23. Qe1 Ne7 24. Bxe7 Rxe7 25. Qa5 e5 26. Kh1 Bg4 27. Nc3 Qc6 28.
Rce1 e3 29. Qb4 Qc5 30. Nxd5 Qxd5 31. Rxe3 Rxc2 32. Rg3 Qe6 33. h3 Bf5 34. fxe5
Rcc7 35. Qf4 Bg6 36. Qf8+ Kh7 37. Qd8 Rc2 0-1

[Event "Nordre Efteraar"]
[Site "Aarhus"]
[Date "1998.10.17"]
[Round "8"]
[White "Holst, Allan"]
[Black "Bus, Mariusz"]
[Result "1/2-1/2"]
[WhiteElo "2350"]
[BlackElo "2370"]
[PlyCount "22"]
[EventDate "1998.10.??"]
[EventType "schev"]
[EventRounds "9"]
[EventCountry "DEN"]
[SourceTitle "EXT 2000"]
[Source "ChessBase"]
[SourceDate "1999.11.16"]

1. c4 g6 2. Nc3 Bg7 3. d4 d6 4. e4 Nd7 5. Nge2 e5 6. Be3 Ne7 7. Qd2 O-O 8.
O-O-O exd4 9. Nxd4 Ne5 10. Be2 a6 11. h4 h5 1/2-1/2

[Event "Nordre Efteraar"]
[Site "Aarhus"]
[Date "1998.10.13"]
[Round "4"]
[White "Jacobsen, Bo"]
[Black "Pedersen, Jan"]
[Result "1-0"]
[WhiteElo "2270"]
[BlackElo "2355"]
[PlyCount "85"]
[EventDate "1998.10.??"]
[EventType "schev"]
[EventRounds "9"]
[EventCountry "DEN"]
[SourceTitle "EXT 2000"]
[Source "ChessBase"]
[SourceDate "1999.11.16"]

1. g3 c5 2. Bg2 Nc6 3. c4 g6 4. Nc3 Bg7 5. d3 Nf6 6. e4 d6 7. h3 e5 8. Nge2 Be6
9. O-O Qd7 10. Kh2 Ng8 11. Rb1 Nge7 12. a3 O-O 13. Be3 Nd4 14. b4 b6 15. Nd5
Bxd5 16. cxd5 cxb4 17. Rxb4 Nxe2 18. Qxe2 f5 19. Rc4 f4 20. Bd2 Bh6 21. h4 Qb5
22. Bb4 Rf6 23. Rc7 Kf8 24. Bh3 a5 25. Bd7 Qa6 26. Bd2 Ra7 27. Bb5 Qxb5 28.
Rxa7 Qb2 29. g4 g5 30. h5 Qxa3 31. f3 Rf7 32. Rc1 Kg8 33. Rcc7 Bf8 34. Be1 a4
35. Qc2 b5 36. Bc3 Nc8 37. Bb2 Qxb2 38. Qxb2 Nxa7 39. Rxf7 Kxf7 40. Qb4 Nc8 41.
Qxb5 a3 42. Qd7+ Ne7 43. Qxd6 1-0

[Event "Nordre Efteraar"]
[Site "Aarhus"]
[Date "1998.10.11"]
[Round "2"]
[White "Jacobsen, Bo"]
[Black "Boe, Mads"]
[Result "0-1"]
[WhiteElo "2270"]
[BlackElo "2345"]
[PlyCount "86"]
[EventDate "1998.10.??"]
[EventType "schev"]
[EventRounds "9"]
[EventCountry "DEN"]
[SourceTitle "EXT 2000"]
[Source "ChessBase"]
[SourceDate "1999.11.16"]

1. b3 d5 2. Bb2 Bg4 3. h3 Bh5 4. g4 Bg6 5. Bg2 e6 6. Nf3 Nd7 7. d3 c6 8. e3 h5
9. Nbd2 hxg4 10. hxg4 Rxh1+ 11. Bxh1 Nh6 12. g5 Nf5 13. Qe2 Bh5 14. e4 Nh4 15.
O-O-O Bxf3 16. Nxf3 Nxf3 17. Qxf3 Qxg5+ 18. Kb1 Nf6 19. c4 dxe4 20. dxe4 Rd8
21. Rxd8+ Kxd8 22. a3 Bd6 23. Qd3 Kc7 24. Ka2 Be5 25. c5 Qf4 26. Qe3 Qh2 27.
Bf3 Bxb2 28. Kxb2 Qe5+ 29. Qc3 Qf4 30. Qd4 g5 31. Bg2 g4 32. Kc3 Nd7 33. b4 Kd8
34. Kd3 Ke7 35. Ke2 Qe5 36. Ke3 Qxd4+ 37. Kxd4 Kf6 38. Bf1 Kg5 39. Be2 Kf4 40.
a4 a6 41. b5 axb5 42. axb5 cxb5 43. Bxb5 Nf6 0-1

[Event "Nordre Efteraar"]
[Site "Aarhus"]
[Date "1998.10.18"]
[Round "9"]
[White "Jacobsen, Bo"]
[Black "Christensen, Jan Schleicher"]
[Result "1-0"]
[WhiteElo "2270"]
[BlackElo "2225"]
[PlyCount "68"]
[EventDate "1998.10.??"]
[EventType "schev"]
[EventRounds "9"]
[EventCountry "DEN"]
[SourceTitle "EXT 2000"]
[Source "ChessBase"]
[SourceDate "1999.11.16"]

1. g3 g6 2. Bg2 Bg7 3. e4 e5 4. Nc3 Ne7 5. Nge2 Nbc6 6. d3 d6 7. h3 h6 8. Bd2
Be6 9. Nd5 Qd7 10. c4 f5 11. Be3 O-O 12. Qd2 Kh7 13. h4 Rae8 14. O-O f4 15.
gxf4 Bh3 16. f3 Nxd5 17. cxd5 Ne7 18. fxe5 dxe5 19. Kh2 Bxg2 20. Kxg2 c6 21.
dxc6 Nxc6 22. Nc3 Ne7 23. Rh1 Rf6 24. Rad1 Ra6 25. Qf2 Nc6 26. a3 Rf8 27. Nd5
Ra4 28. Rc1 Nd4 29. Rc7 Qe8 30. Rhc1 Qd8 31. Bxd4 Rxd4 32. Rxb7 Re8 33. Rcc7
Rxd3 34. Rd7 Qa5 1-0

[Event "Nordre Efteraar"]
[Site "Aarhus"]
[Date "1998.10.16"]
[Round "7"]
[White "Jacobsen, Bo"]
[Black "Johansen, Morten"]
[Result "1-0"]
[WhiteElo "2270"]
[BlackElo "2285"]
[PlyCount "59"]
[EventDate "1998.10.??"]
[EventType "schev"]
[EventRounds "9"]
[EventCountry "DEN"]
[SourceTitle "EXT 2000"]
[Source "ChessBase"]
[SourceDate "1999.11.16"]

1. g3 d5 2. Bg2 c6 3. f4 Nf6 4. b3 Bf5 5. Bb2 e6 6. Nf3 Bc5 7. e3 h6 8. O-O
Nbd7 9. Nc3 Qe7 10. Rb1 Bb6 11. Ne2 Bh7 12. Ba1 Bc7 13. b4 e5 14. Qc1 O-O-O 15.
b5 c5 16. b6 axb6 17. Nxe5 Nxe5 18. fxe5 Bxe5 19. Bxe5 Qxe5 20. Rxb6 Rd6 21.
Rb5 b6 22. Qa3 Kb7 23. c4 Be4 24. d4 cxd4 25. exd4 Qe7 26. Rxb6+ Kxb6 27. c5+
Kc6 28. cxd6 Qxd6 29. Rc1+ Kd7 30. Bh3+ 1-0

[Event "Nordre Efteraar"]
[Site "Aarhus"]
[Date "1998.10.15"]
[Round "6"]
[White "Jacobsen, Bo"]
[Black "Matthiesen, Martin"]
[Result "1-0"]
[WhiteElo "2270"]
[BlackElo "2275"]
[PlyCount "69"]
[EventDate "1998.10.??"]
[EventType "schev"]
[EventRounds "9"]
[EventCountry "DEN"]
[SourceTitle "EXT 2000"]
[Source "ChessBase"]
[SourceDate "1999.11.16"]

1. g3 g6 2. Bg2 Bg7 3. e4 c5 4. Nc3 Nc6 5. d3 d6 6. f4 e6 7. Be3 Nge7 8. Qd2
O-O 9. Nh3 b6 10. Bf2 Bb7 11. O-O Qd7 12. g4 f5 13. gxf5 exf5 14. Bh4 Nd4 15.
Rae1 Rae8 16. Kh1 b5 17. a3 a5 18. Nd1 b4 19. c3 Ndc6 20. Ne3 Ba6 21. Rf2 bxc3
22. bxc3 Rb8 23. Nd5 Kh8 24. Qd1 Ng8 25. Ng5 Nh6 26. Rfe2 fxe4 27. Bh3 Nf5 28.
dxe4 Bxe2 29. Qxe2 h6 30. exf5 hxg5 31. fxg6 g4 32. Bxg4 Qe8 33. Qd3 Ne5 34.
fxe5 Bxe5 35. Bf6+ 1-0

[Event "Nordre Efteraar"]
[Site "Aarhus"]
[Date "1998.10.13"]
[Round "4"]
[White "Jensen, Vagn"]
[Black "Pedersen, Daniel Vesterbaek"]
[Result "0-1"]
[WhiteElo "2270"]
[BlackElo "2260"]
[PlyCount "88"]
[EventDate "1998.10.??"]
[EventType "schev"]
[EventRounds "9"]
[EventCountry "DEN"]
[SourceTitle "EXT 2000"]
[Source "ChessBase"]
[SourceDate "1999.11.16"]

1. e4 c6 2. d4 d5 3. e5 c5 4. dxc5 Nc6 5. Nf3 Bg4 6. Bb5 Qa5+ 7. Nc3 e6 8. Be3
Nge7 9. h3 Bxf3 10. Qxf3 a6 11. Ba4 Nf5 12. O-O g6 13. g4 Nxe3 14. fxe3 f5 15.
gxf5 Bxc5 16. fxe6 O-O-O 17. Bxc6 bxc6 18. Kh1 Rhe8 19. Qg4 Qb4 20. e7+ Rd7 21.
Qe6 Kc7 22. Rf4 Rexe7 23. Qg8 Rd8 24. Qxd8+ Kxd8 25. Rxb4 Bxb4 26. Ne2 Rxe5 27.
Nd4 Kd7 28. c3 Be7 29. Re1 Bg5 30. Nc2 c5 31. Kg2 Ke6 32. Kf3 Rf5+ 33. Kg2 Ke5
34. b4 c4 35. Nd4 Bh4 36. Re2 Rg5+ 37. Kf1 Ke4 38. Ne6 Rf5+ 39. Kg2 Kd3 40. Nd4
Rg5+ 41. Kf3 Re5 42. a4 Re8 43. b5 axb5 44. axb5 Bf6 0-1

[Event "Nordre Efteraar"]
[Site "Aarhus"]
[Date "1998.10.11"]
[Round "2"]
[White "Jensen, Vagn"]
[Black "Pedersen, Nicolai Vesterbaek"]
[Result "1/2-1/2"]
[WhiteElo "2270"]
[BlackElo "2315"]
[PlyCount "22"]
[EventDate "1998.10.??"]
[EventType "schev"]
[EventRounds "9"]
[EventCountry "DEN"]
[SourceTitle "EXT 2000"]
[Source "ChessBase"]
[SourceDate "1999.11.16"]

1. e4 e5 2. Nf3 Nc6 3. Bb5 Nf6 4. Nc3 Bb4 5. O-O O-O 6. d3 Bxc3 7. bxc3 d6 8.
Bg5 Qe7 9. Bxc6 bxc6 10. Nd2 h6 11. Bh4 Qe6 1/2-1/2

[Event "Nordre Efteraar"]
[Site "Aarhus"]
[Date "1998.10.15"]
[Round "6"]
[White "Jensen, Vagn"]
[Black "Holst, Allan"]
[Result "0-1"]
[WhiteElo "2270"]
[BlackElo "2350"]
[PlyCount "96"]
[EventDate "1998.10.??"]
[EventType "schev"]
[EventRounds "9"]
[EventCountry "DEN"]
[SourceTitle "EXT 2000"]
[Source "ChessBase"]
[SourceDate "1999.11.16"]

1. e4 d5 2. exd5 Qxd5 3. Nc3 Qa5 4. d4 c6 5. Bc4 Bf5 6. Nf3 Nf6 7. Bd2 e6 8.
Qe2 Bb4 9. O-O-O Nbd7 10. Ne5 Nxe5 11. dxe5 Nd5 12. Ne4 Bxe4 13. Qxe4 Bxd2+ 14.
Rxd2 O-O-O 15. Rhd1 h5 16. c3 g6 17. Qf3 Qc7 18. Bxd5 exd5 19. Qe3 Kb8 20. Qg5
Rde8 21. f4 Qe7 22. Qg3 Qe6 23. b3 Re7 24. Qf2 Rc8 25. g3 Qf5 26. Qd4 f6 27.
Re2 fxe5 28. fxe5 Re6 29. Rde1 Rf8 30. Kb2 Qg4 31. Rf2 Rfe8 32. Qxg4 hxg4 33.
Rf4 Rxe5 34. Rxe5 Rxe5 35. Rf2 Rf5 36. Re2 Kc7 37. Kc2 Kd6 38. Kd2 Rf8 39. Kd3
c5 40. a4 Rf3+ 41. Kd2 b6 42. Kc2 Rf1 43. Kd2 Ra1 44. Kd3 Ra3 45. Rb2 g5 46.
Kc2 Ke5 47. Kd2 Ke4 48. Kc2 Ke3 0-1

[Event "Nordre Efteraar"]
[Site "Aarhus"]
[Date "1998.10.18"]
[Round "9"]
[White "Jensen, Vagn"]
[Black "Hoiberg, Nina"]
[Result "1/2-1/2"]
[WhiteElo "2270"]
[BlackElo "2290"]
[PlyCount "79"]
[EventDate "1998.10.??"]
[EventType "schev"]
[EventRounds "9"]
[EventCountry "DEN"]
[SourceTitle "EXT 2000"]
[Source "ChessBase"]
[SourceDate "1999.11.16"]

1. e4 e5 2. Nf3 Nc6 3. d4 exd4 4. Bc4 Nf6 5. O-O Nxe4 6. Re1 d5 7. Bxd5 Qxd5 8.
Nc3 Qd8 9. Rxe4+ Be6 10. Nxd4 Nxd4 11. Rxd4 Qc8 12. Bg5 Be7 13. Bxe7 Kxe7 14.
Qh5 h6 15. Rad1 c5 16. Nd5+ Kf8 17. Rf4 Qc6 18. c4 Rd8 19. h3 Rd7 20. Qe5 Kg8
21. Rd3 Bxd5 22. Rxd5 Rxd5 23. cxd5 Qd7 24. d6 Kh7 25. Qxc5 Rd8 26. Qxa7 Qxd6
27. Qe3 Rd7 28. g3 g6 29. Re4 Qf6 30. Re5 Rd1+ 31. Kh2 Qc6 32. Re4 Qd5 33. Qf3
Rd2 34. Rf4 Qxf3 35. Rxf3 Rxb2 36. Rxf7+ Kg8 37. Rf6 Kg7 38. Rd6 Rxf2+ 39. Kg1
Rxa2 40. Rd7+ 1/2-1/2

[Event "Nordre Efteraar"]
[Site "Aarhus"]
[Date "1998.10.15"]
[Round "6"]
[White "Johansen, Morten"]
[Black "Czerwonski, Aleksander"]
[Result "1/2-1/2"]
[WhiteElo "2285"]
[BlackElo "2390"]
[PlyCount "34"]
[EventDate "1998.10.??"]
[EventType "schev"]
[EventRounds "9"]
[EventCountry "DEN"]
[SourceTitle "EXT 2000"]
[Source "ChessBase"]
[SourceDate "1999.11.16"]

1. d4 d6 2. c4 e5 3. dxe5 dxe5 4. Qxd8+ Kxd8 5. Nc3 c6 6. b3 Nd7 7. Bb2 Kc7 8.
Nf3 f6 9. e3 a5 10. Bd3 Nc5 11. Bc2 Be6 12. O-O-O Nh6 13. h3 Nf7 14. Nd2 Be7
15. Nde4 Nxe4 16. Nxe4 Rhd8 17. Ng3 Rxd1+ 1/2-1/2

[Event "Nordre Efteraar"]
[Site "Aarhus"]
[Date "1998.10.17"]
[Round "8"]
[White "Johansen, Morten"]
[Black "Jensen, Vagn"]
[Result "1-0"]
[WhiteElo "2285"]
[BlackElo "2270"]
[PlyCount "57"]
[EventDate "1998.10.??"]
[EventType "schev"]
[EventRounds "9"]
[EventCountry "DEN"]
[SourceTitle "EXT 2000"]
[Source "ChessBase"]
[SourceDate "1999.11.16"]

1. d4 d5 2. c4 e6 3. Nf3 c6 4. Nc3 dxc4 5. a4 Bb4 6. e4 b5 7. Bg5 Ne7 8. Be2
Bb7 9. O-O Bxc3 10. bxc3 a6 11. Qb1 Qc7 12. Nd2 f6 13. Bh5+ Ng6 14. Be3 O-O 15.
Bg4 Qf7 16. f4 f5 17. Bh3 Qc7 18. exf5 exf5 19. Bxf5 Nd7 20. Be6+ Kh8 21. f5
Ne7 22. Bf4 Qd8 23. Nxc4 c5 24. Nd6 Bd5 25. axb5 cxd4 26. c4 Bxe6 27. fxe6 Nf6
28. Nf7+ Rxf7 29. exf7 1-0

[Event "Nordre Efteraar"]
[Site "Aarhus"]
[Date "1998.10.13"]
[Round "4"]
[White "Johansen, Morten"]
[Black "Ziegler, Ari"]
[Result "0-1"]
[WhiteElo "2285"]
[BlackElo "2410"]
[PlyCount "56"]
[EventDate "1998.10.??"]
[EventType "schev"]
[EventRounds "9"]
[EventCountry "DEN"]
[SourceTitle "EXT 2000"]
[Source "ChessBase"]
[SourceDate "1999.11.16"]

1. d4 d5 2. c4 c6 3. Nf3 Nf6 4. Nc3 dxc4 5. a4 Bf5 6. e3 e6 7. Bxc4 Bb4 8. O-O
O-O 9. Qe2 Bg6 10. Na2 Bd6 11. Bd2 Qe7 12. Rfc1 Nbd7 13. Bc3 Bh5 14. Qd1 Ne4
15. Be2 Rad8 16. Qc2 f5 17. Re1 Rf6 18. Ne5 Bxe2 19. Rxe2 Rh6 20. g3 Qe8 21. f3
Ng5 22. f4 Nh3+ 23. Kh1 Nf6 24. Rg2 Bxe5 25. dxe5 Ne4 26. Qe2 c5 27. b3 Qc6 28.
Qb5 Nef2# 0-1

[Event "Nordre Efteraar"]
[Site "Aarhus"]
[Date "1998.10.11"]
[Round "2"]
[White "Johansen, Morten"]
[Black "Rossen, Claus"]
[Result "1-0"]
[WhiteElo "2285"]
[BlackElo "2170"]
[PlyCount "145"]
[EventDate "1998.10.??"]
[EventType "schev"]
[EventRounds "9"]
[EventCountry "DEN"]
[SourceTitle "EXT 2000"]
[Source "ChessBase"]
[SourceDate "1999.11.16"]

1. d4 g6 2. c4 Bg7 3. e4 d6 4. Nc3 Nc6 5. Be3 e5 6. d5 Nce7 7. g4 f5 8. f3 Nf6
9. h3 O-O 10. Qd2 a6 11. Bd3 Rb8 12. Nge2 Bd7 13. Rg1 Rf7 14. Nc1 Kh8 15. Nb3
fxe4 16. fxe4 b5 17. O-O-O c5 18. Qe2 bxc4 19. Bxc4 Bb5 20. Rdf1 Rf8 21. Nd2
Qa5 22. Qd3 Nc8 23. Bg5 Nb6 24. Bxb5 axb5 25. Qxb5 Qxb5 26. Nxb5 Nbxd5 27. Nxd6
Nb4 28. a3 Nd3+ 29. Kc2 Nxb2 30. Rb1 Na4 31. Rxb8 Rxb8 32. Rb1 Rxb1 33. Nxb1
Nd7 34. Kb3 Ndb6 35. Nd2 Bf8 36. Bf6+ Kg8 37. N2c4 Bxd6 38. Nxd6 c4+ 39. Nxc4
Nc5+ 40. Kb4 Nxe4 41. Bxe5 Nd5+ 42. Kb5 Kf7 43. Kc6 Ke6 44. a4 Nf2 45. Bd6 h5
46. a5 Nd3 47. gxh5 gxh5 48. h4 Ne7+ 49. Kb7 Kd7 50. Ne5+ Kxd6 51. Nxd3 Nc6 52.
a6 Na5+ 53. Kb6 Nc4+ 54. Kb5 Na3+ 55. Ka4 Nc4 56. a7 Kc7 57. Kb5 Nb6 58. Nc5
Na8 59. Ka6 Kc6 60. Ne6 Nb6 61. Nf4 Na8 62. Nxh5 Nc7+ 63. Ka5 Kb7 64. Kb4 Kxa7
65. Kc5 Ne6+ 66. Kd6 Nd4 67. Ng7 Nf3 68. h5 Ng5 69. Ke7 Kb7 70. Ne6 Nf3 71. h6
Ne5 72. h7 Kc6 73. Kf6 1-0

[Event "Nordre Efteraar"]
[Site "Aarhus"]
[Date "1998.10.16"]
[Round "7"]
[White "Matthiesen, Martin"]
[Black "Jensen, Vagn"]
[Result "1/2-1/2"]
[WhiteElo "2275"]
[BlackElo "2270"]
[PlyCount "92"]
[EventDate "1998.10.??"]
[EventType "schev"]
[EventRounds "9"]
[EventCountry "DEN"]
[SourceTitle "EXT 2000"]
[Source "ChessBase"]
[SourceDate "1999.11.16"]

1. Nf3 f5 2. g3 Nf6 3. Bg2 g6 4. d4 Bg7 5. O-O O-O 6. c4 d6 7. Nc3 c6 8. d5 e5
9. dxe6 Bxe6 10. b3 Na6 11. Bb2 Qe7 12. Nd4 Nc5 13. Nxe6 Qxe6 14. Qc2 h5 15. h4
Nce4 16. e3 Nxc3 17. Bxc3 Rf7 18. Rad1 Ne4 19. Bxg7 Rxg7 20. Rd4 d5 21. cxd5
cxd5 22. Qd3 Rd8 23. Rd1 Rgd7 24. Bf3 a6 25. Kg2 Kh7 26. b4 Kh6 27. a4 Rd6 28.
a5 Qc8 29. Qb3 Qc6 30. Kf1 b6 31. axb6 Qxb6 32. Rxd5 Rxd5 33. Rxd5 Nd2+ 34.
Rxd2 Rxd2 35. Qc3 Qd8 36. Be2 Rd6 37. Qc5 Qa8 38. Bf3 Qd8 39. Be2 Qf6 40. Qa5
Rb6 41. b5 Qd8 42. Kg1 axb5 43. Bxb5 Qc7 44. Bf1 Qb8 45. Be2 Rb2 46. Bf3 Rc2
1/2-1/2

[Event "Nordre Efteraar"]
[Site "Aarhus"]
[Date "1998.10.14"]
[Round "5"]
[White "Matthiesen, Martin"]
[Black "Czerwonski, Aleksander"]
[Result "0-1"]
[WhiteElo "2275"]
[BlackElo "2390"]
[PlyCount "46"]
[EventDate "1998.10.??"]
[EventType "schev"]
[EventRounds "9"]
[EventCountry "DEN"]
[SourceTitle "EXT 2000"]
[Source "ChessBase"]
[SourceDate "1999.11.16"]

1. d4 d6 2. e4 Nf6 3. Nc3 g6 4. Be3 c6 5. h3 Nbd7 6. f4 Qa5 7. Qf3 e5 8. O-O-O
Bg7 9. g4 b5 10. Kb1 b4 11. Nce2 exf4 12. Nxf4 d5 13. e5 Ne4 14. e6 Ndf6 15.
exf7+ Kxf7 16. Nd3 Rf8 17. g5 Kg8 18. gxf6 Bxf6 19. Qg2 Rb8 20. Nc1 Bf5 21. Nf3
Nc3+ 22. bxc3 bxc3+ 23. Nb3 Rxb3+ 0-1

[Event "Nordre Efteraar"]
[Site "Aarhus"]
[Date "1998.10.10"]
[Round "1"]
[White "Matthiesen, Martin"]
[Black "Rossen, Claus"]
[Result "1-0"]
[WhiteElo "2275"]
[BlackElo "2170"]
[PlyCount "71"]
[EventDate "1998.10.??"]
[EventType "schev"]
[EventRounds "9"]
[EventCountry "DEN"]
[SourceTitle "EXT 2000"]
[Source "ChessBase"]
[SourceDate "1999.11.16"]

1. d4 Nf6 2. Nf3 g6 3. c4 Bg7 4. Nc3 O-O 5. e4 d6 6. Be2 e5 7. O-O exd4 8. Nxd4
Re8 9. f3 Nc6 10. Be3 Bd7 11. Qd2 a6 12. Rfd1 Rb8 13. Nb3 Be6 14. Nd5 Nd7 15.
Rac1 b6 16. Bf1 Nc5 17. Nd4 Bxd5 18. cxd5 Nxd4 19. Bxd4 Bxd4+ 20. Qxd4 a5 21.
Bb5 Re5 22. Rc3 f5 23. exf5 Rxf5 24. a3 Nd7 25. Rdc1 Ne5 26. f4 Qh4 27. g3 Qg4
28. Qe3 Nf7 29. Be2 Qh3 30. Rxc7 Rf8 31. Qe6 Kh8 32. Bd3 Rh5 33. R1c2 Nd8 34.
Qxd6 Re8 35. Re2 Ne6 36. dxe6 1-0

[Event "Nordre Efteraar"]
[Site "Aarhus"]
[Date "1998.10.15"]
[Round "6"]
[White "Pedersen, Daniel Vesterbaek"]
[Black "Bus, Mariusz"]
[Result "1-0"]
[WhiteElo "2260"]
[BlackElo "2370"]
[PlyCount "83"]
[EventDate "1998.10.??"]
[EventType "schev"]
[EventRounds "9"]
[EventCountry "DEN"]
[SourceTitle "EXT 2000"]
[Source "ChessBase"]
[SourceDate "1999.11.16"]

1. d4 d6 2. Nf3 g6 3. g3 Bg7 4. Bg2 Nd7 5. O-O e5 6. c4 Ne7 7. Nc3 O-O 8. d5 h6
9. Rb1 f5 10. b4 g5 11. Qb3 Nf6 12. c5 Ng6 13. a4 f4 14. Nd2 h5 15. Nde4 Ne8
16. b5 b6 17. cxd6 cxd6 18. Ba3 Rf7 19. Na2 Bf5 20. Nb4 Bh6 21. Rbc1 h4 22. Nd3
Qd7 23. Rc4 Rd8 24. Bb4 Bh3 25. Qc2 Bxg2 26. Kxg2 hxg3 27. fxg3 Qg4 28. Ndf2
Qf5 29. g4 f3+ 30. Kg1 Qd7 31. Nxd6 Rf6 32. Nf5 Nf4 33. exf3 Bf8 34. Bxf8 Kxf8
35. Ne4 Qxd5 36. Nxf6 Nh3+ 37. Kg2 Nf4+ 38. Kg1 Qe6 39. Nxe8 Rxe8 40. Rc6 Qd7
41. Rf6+ Kg8 42. Qc4+ 1-0

[Event "Nordre Efteraar"]
[Site "Aarhus"]
[Date "1998.10.12"]
[Round "3"]
[White "Pedersen, Daniel Vesterbaek"]
[Black "Jacobsen, Bo"]
[Result "1-0"]
[WhiteElo "2260"]
[BlackElo "2270"]
[PlyCount "45"]
[EventDate "1998.10.??"]
[EventType "schev"]
[EventRounds "9"]
[EventCountry "DEN"]
[SourceTitle "EXT 2000"]
[Source "ChessBase"]
[SourceDate "1999.11.16"]

1. d4 Nf6 2. c4 c5 3. d5 e5 4. Nc3 d6 5. e4 Be7 6. Nge2 Nbd7 7. Ng3 g6 8. Bh6
a6 9. Bd3 Bf8 10. Qd2 Bxh6 11. Qxh6 Ng4 12. Qd2 h5 13. h3 Ngf6 14. h4 Rb8 15.
a3 O-O 16. f3 Qa5 17. Nd1 Qa4 18. Ne3 Qb3 19. Nef5 gxf5 20. Nxf5 Ne8 21. Qg5+
Kh7 22. Qh6+ Kg8 23. Ne7# 1-0

[Event "Nordre Efteraar"]
[Site "Aarhus"]
[Date "1998.10.14"]
[Round "5"]
[White "Pedersen, Daniel Vesterbaek"]
[Black "Williams, Simon Kim"]
[Result "1/2-1/2"]
[WhiteElo "2260"]
[BlackElo "2335"]
[PlyCount "54"]
[EventDate "1998.10.??"]
[EventType "schev"]
[EventRounds "9"]
[EventCountry "DEN"]
[SourceTitle "EXT 2000"]
[Source "ChessBase"]
[SourceDate "1999.11.16"]

1. d4 e6 2. c4 b6 3. Nc3 Bb7 4. e4 Bb4 5. f3 f5 6. exf5 Nh6 7. fxe6 Nf5 8. Bf4
dxe6 9. Qd2 Nxd4 10. O-O-O Nbc6 11. Nge2 Nxe2+ 12. Bxe2 Qe7 13. a3 Rd8 14. Qc2
O-O 15. Be3 Bc5 16. Bxc5 bxc5 17. Bd3 Nd4 18. Qf2 Nxf3 19. gxf3 Rxf3 20. Qg2
Qf6 21. Bc2 Rb8 22. Rhf1 Rxc3 23. Rxf6 Bxg2 24. bxc3 gxf6 25. Rg1 Kf7 26. Rxg2
f5 27. Kd2 Rb2 1/2-1/2